|
|
|
|
| LEADER |
02199nab#a2200517#ar4500 |
| 001 |
000121921 |
| 003 |
SVKKK |
| 005 |
20180215111828.0 |
| 008 |
131126d1915 xo |||||||||||||||b|hun |
| FMT |
|
|
|
| 038 |
|
|
|a SVKKK
|
| 040 |
|
|
|a SVKKK
|b slo
|e AACR2
|
| 041 |
0 |
|
|a hun
|
| 044 |
|
|
|a xo
|c SK
|
| 080 |
|
|
|a 355.11
|2 2011
|
| 080 |
|
|
|a 355.335
|2 2011
|
| 080 |
|
|
|a 355.292.4
|2 2011
|
| 080 |
|
|
|a 355.257.7
|2 2011
|
| 080 |
|
|
|a 351.856.2
|2 2011
|
| 080 |
|
|
|a 94(100)"1914/1918"
|2 2011
|
| 242 |
1 |
0 |
|a Zo správ Karpathen Post
|
| 245 |
1 |
2 |
|a A Karpathen Post hireiböl
|
| 520 |
3 |
|
|a Práporčík v zálohe Tibor Wein, syn kežmarského továrnika Károlya Weina sa vážne zranil na rusko-poľskom bojisku. Počas dôstojníckej obchôdzky ho zastihla spŕška guliek a granátov. Je v nemocnici v meste Neisse (Nysa, Poľsko), kde sa jeho stav zlepšuje. Kežmarský lekár Dr. Dezső Kornhauser sa zranený dostal do ruského zajatia a bol internovaný do Irkutska, kde v nemocnici lieči našich zranených vojakov. Strážmajster-kadet Henrik Rőmer ml., syn hlavného kniežacieho horára Henrika Rőmer v Lendaku (Lándok) bol za hrdinské správanie na bojisku povýšený na poručíka a vyznamenali ho medailou Signum laudis na stuhe od medaily za statočnosť.
|
| 600 |
1 |
4 |
|a Wein, Tibor
|d 1892-1961
|x práporčík c. k. armády v zálohe
|y 1915
|z Kežmarok (Slovensko)
|
| 600 |
1 |
4 |
|a Kornhauser, Dezider Dávid,
|d 1875-1944
|x lekár
|x vojenský lekár
|y 1915
|z Kežmarok (Slovensko)
|z Irkutsk (Rusko)
|
| 600 |
1 |
4 |
|a Römer, Henrich,
|d 1889-?
|x kadet c. k. armády
|y 1915
|z Lendak (Slovensko)
|
| 648 |
0 |
4 |
|a 1915
|
| 650 |
0 |
4 |
|a vojaci
|
| 650 |
0 |
4 |
|a nižší dôstojníci
|
| 650 |
0 |
4 |
|a zranení vo vojne
|
| 650 |
0 |
4 |
|a vojnoví zajatci
|
| 650 |
0 |
4 |
|a internácia
|
| 650 |
0 |
4 |
|a vyznamenania
|
| 650 |
0 |
4 |
|a medaily
|
| 650 |
0 |
4 |
|a prvá svetová vojna, 1914-1918
|
| 651 |
|
4 |
|a Kežmarok (Slovensko)
|
| 651 |
|
4 |
|a Lendak (Slovensko)
|
| 651 |
|
4 |
|a Irkutsk (Rusko)
|
| 655 |
|
4 |
|a hungariká
|
| 773 |
0 |
|
|t Szepesi Lapok : Politikai És Tátrai Ujság
|g Roč. 31, č. 11 (24. 1. 1915), s. 3
|
| 958 |
|
|
|a HU
|
| 974 |
|
|
|a vsz
|
| 992 |
|
|
|a RBX
|
| BAS |
|
|
|
| 852 |
|
|
|a SVKKK
|b BIB
|
| 998 |
|
|
|a RETRO
|